| 000 | 02458nam a22003257a 4500 | ||
|---|---|---|---|
| 005 | 2010081707017.0 | ||
| 010 | _aENG-100648 | ||
| 020 |
_a9788183281386 _c695.00 |
||
| 035 | _aEN-84181 | ||
| 037 | _bDBAD/PUB | ||
| 082 | _a598.0954 | ||
| 100 |
_aSamarpan, Amano _914215 |
||
| 245 |
_aIndian birds in focus : _bbirds of the Indian subcontinent and their habitats / _cby Amano Samarpan |
||
| 260 |
_aNew Delhi _bWisdom Tree _c2009 |
||
| 270 |
_a4779/23, Ansari Road, Darya Ganj _bNew Delhi _e2 |
||
| 300 |
_a115p. _c28cm (Hb) _ephotos |
||
| 500 | _aIncludes bibliographical references and index | ||
| 650 |
_aBirds _914216 |
||
| 650 |
_aBirds-Habitats _zIndia _914217 |
||
| 942 |
_2ddc _cEN _h598.0954 _mSAM |
||
| 999 |
_c42247 _d42247 |
||